[Event "Catanduva op"]
[Site "Catanduva"]
[Date "2020.03.13"]
[Round "2"]
[White "Manzatto, Leticia Amabile"]
[Black "Dos Santos, Miguel Augusto Alve"]
[Result "1-0"]
[WhiteElo "1256"]
[BlackElo "1772"]
[PlyCount "65"]
[EventDate "2020.03.13"]
[EventType "swiss"]
[EventRounds "6"]
[EventCountry "BRA"]
[SourceTitle "CBM 195 Extra"]
[Source "ChessBase"]
[SourceDate "2020.05.31"]
[SourceVersion "1"]
[SourceVersionDate "2020.05.31"]
[SourceQuality "1"]

1. d4 g6 2. g3 Bg7 3. Bg2 Nf6 4. Nf3 0-0 5. 0-0 d6 6. c4 Bd7 7. Nc3 Qc8 8. Re1 Bh3 9. e4 Bxg2 10. Kxg2 Nbd7 11. e5 Ne8 12. e6 Ndf6 13. exf7+ Rxf7 14. Ng5 Rf8 15. Rxe7 h6 16. Ne6 Rf7 17. Rxf7 Kxf7 18. d5 c6 19. Qf3 Nc7 20. Ne4 Nxe6 21. Nxd6+ Ke7 22. Nxc8+ Rxc8 23. dxe6 Kxe6 24. Bf4 Kf7 25. Be5 Rd8 26. Rd1 Re8 27. Rd7+ Re7 28. Rxe7+ Kxe7 29. Bxf6+ Bxf6 30. b3 Kf7 31. Qf4 g5 32. Qc7+ Kg6 33. Qxb7 1-0

[Event "BRA-ch U12 Girls"]
[Site "Florianopolis"]
[Date "2018.04.30"]
[Round "4"]
[White "Manzatto, Leticia Amabile"]
[Black "Viertler, Sabrina Camargo"]
[Result "0-1"]
[WhiteElo "1312"]
[BlackElo "1305"]
[PlyCount "140"]
[EventDate "2018.04.28"]
[EventType "swiss"]
[EventRounds "6"]
[EventCountry "BRA"]
[SourceTitle "EXT 2021"]
[Source "ChessBase"]
[SourceDate "2020.10.23"]
[SourceVersion "1"]
[SourceVersionDate "2020.10.23"]
[SourceQuality "1"]

1. c4 e5 2. Nc3 Nc6 3. g3 g6 4. d3 d6 5. Bg2 Bg7 6. Bd2 h6 7. Nf3 f5 8. Rb1 a5 9. a3 Nf6 10. b4 axb4 11. axb4 0-0 12. 0-0 g5 13. b5 Ne7 14. Qc1 Nh7 15. Re1 f4 16. Kf1 Qe8 17. e3 fxg3 18. hxg3 Qh5 19. Kg1 Bh3 20. Qd1 Bg4 21. e4 Bxf3 22. Bxf3 Qxf3 23. Qxf3 Rxf3 24. Re3 Rxe3 25. Bxe3 Nf6 26. f3 Ra3 27. Bd2 Nd7 28. Kf2 Nc5 29. Ke3 h5 30. Rh1 g4 31. fxg4 hxg4 32. Rb1 Rb3 33. Rxb3 Nxb3 34. Be1 Bh6+ 35. Ke2 c6 36. Bf2 Nc1+ 37. Kd1 Nxd3 38. Bg1 Nb2+ 39. Kc2 Nxc4 40. Kd3 Nd2 41. Bf2 d5 42. bxc6 bxc6 43. exd5 cxd5 44. Ke2 Kf7 45. Kd3 Ke6 46. Ke2 d4 47. Nd1 Nc6 48. Nb2 e4 49. Nd1 d3+ 50. Ke1 Nb4 51. Be3 Nc2+ 52. Kxd2 Nxe3 53. Nxe3 Bxe3+ 54. Kxe3 Ke5 55. Kd2 Kd4 56. Kd1 Ke3 57. Ke1 d2+ 58. Kd1 Kf2 59. Kxd2 e3+ 60. Kd3 e2 61. Kd4 e1Q 62. Kd5 Qe3 63. Kd6 Qe4 64. Kd7 Qe5 65. Kd8 Qg7 66. Ke8 Ke3 67. Kd8 Kd4 68. Kc8 Kc5 69. Kb8 Kb6 70. Ka8 Qg8# 0-1

[Event "BRA-ch U12 Girls"]
[Site "Florianopolis"]
[Date "2018.04.28"]
[Round "2"]
[White "Manzatto, Leticia Amabile"]
[Black "Balena, Aline"]
[Result "1-0"]
[WhiteElo "1312"]
[BlackElo "1838"]
[PlyCount "83"]
[EventDate "2018.04.28"]
[EventType "swiss"]
[EventRounds "6"]
[EventCountry "BRA"]
[SourceTitle "EXT 2021"]
[Source "ChessBase"]
[SourceDate "2020.10.23"]
[SourceVersion "1"]
[SourceVersionDate "2020.10.23"]
[SourceQuality "1"]

1. c4 e5 2. Nc3 Nc6 3. d3 Bc5 4. g3 g6 5. Bg2 Nf6 6. Nf3 0-0 7. 0-0 d6 8. Bd2 Nh5 9. a3 a5 10. Rb1 f5 11. Qc2 Qe7 12. Nd5 Qd7 13. b4 axb4 14. axb4 Bb6 15. b5 Ne7 16. Nxb6 cxb6 17. Ra1 Rb8 18. Ra2 Qe6 19. Rfa1 Bd7 20. Ra7 f4 21. d4 fxg3 22. hxg3 exd4 23. Nxd4 Qf7 24. Nf3 Bf5 25. Qc3 Bg4 26. Qd4 Qe6 27. e3 d5 28. cxd5 Nxd5 29. Ng5 Qd6 30. Bxd5+ Be6 31. Bxe6+ Rf7 32. Bxf7+ Kf8 33. Qxd6+ Kg7 34. Bc3+ Kh6 35. Qxb8 Ng7 36. Qf4 Nh5 37. Qe5 Ng7 38. Bg8 Nf5 39. Qf4 Kh5 40. Kh2 Kh6 41. Nf7+ Kh5 42. Qg5# 1-0